Women's education and fertility / (Record no. 81199)

MARC details
000 -LEADER
fixed length control field 00696nam a22002057a 4500
005 - DATE AND TIME OF LATEST TRANSACTION
control field 20131217143120.0
010 ## - LCCN (DPL NO)
LC control number ENG-108850
020 ## - INTERNATIONAL STANDARD BOOK NUMBER
International Standard Book Number 9789381176856
Terms of availability 1150.00
035 ## - SYSTEM CONTROL NUMBER
System control number EN-92383
037 ## - SOURCE OF ACQUISITION
Source of stock number/acquisition DBAD/PUB
082 ## - DEWEY DECIMAL CLASSIFICATION NUMBER
Classification number 305.40954133
100 ## - MAIN ENTRY--PERSONAL NAME
Personal name Barik, Vandana
245 ## - TITLE STATEMENT
Title Women's education and fertility /
Statement of responsibility, etc by Vandana Barik [and] Pabitra Mohan Nayak
260 ## - PUBLICATION, DISTRIBUTION, ETC. (IMPRINT)
Place of publication, distribution, etc New Delhi
Name of publisher, distributor, etc SSDN Publishers and Distributors
Date of publication, distribution, etc 2014
270 ## - ADDRESS
Address 5A, Sahni Mansion, Ansari Road Daryaganj
City New Delhi
Postal code 110002
300 ## - PHYSICAL DESCRIPTION
Extent xii,301p.
Dimensions 22cm(Hb)
500 ## - GENERAL NOTE
General note Includes bibliographical references and index
700 ## - ADDED ENTRY--PERSONAL NAME
Personal name Nayak, Pabitra Mohan
942 ## - ADDED ENTRY ELEMENTS (KOHA)
Source of classification or shelving scheme Dewey Decimal Classification
Item type English Books
Call number suffix BAR
Classification part 305.40954133
Holdings
Withdrawn status Lost status Not for loan Collection code Home library Current library Date acquired Source of acquisition Cost, normal purchase price Full call number Barcode Copy number Cost, replacement price Koha item type
    Not For Loan Non-fiction D.B.Act.Division D.B.Act.Division 17/12/2013 DBAD/PUB 1150.00 305.40954133 BAR EN-92383 1 1150.00 English Books

© Delhi Public Library
Hit Counter
free hit counter